000 00673nam a2200205Ia 4500
003 GCL
005 20240530102216.0
008 140319s9999 xx 000 0 ara d
040 _aGCL /
_cGCL
082 0 4 _a328
_bا ص
100 1 _aالسيد عليوة
245 1 0 _aصنع القرار السياسى فى منظمات الادارة العامة /
_cالسيد عليوة
260 _a[S.N] :
_bالهيئة المصرية العامة للكتاب ،
_c1987
300 _a422 ص
650 0 4 _aالدولة
650 0 4 _aالادارة العامة
650 0 4 _aالهيئات التشريعية
650 0 4 _aاتخاذ القرارات
942 _2ddc
_cBK
999 _c30567
_d30567